Nong sang yi shi cuo yao / (Record no. 12838)

MARC details
000 -LEADER
fixed length control field 01041cam a2200289 a 4500
001 - CONTROL NUMBER
control field c 64001768
003 - CONTROL NUMBER IDENTIFIER
control field DLC
005 - DATE AND TIME OF LATEST TRANSACTION
control field 20260227111034.0
008 - FIXED-LENGTH DATA ELEMENTS--GENERAL INFORMATION
fixed length control field 050217s1962 cc 000 0 chi
010 ## - LIBRARY OF CONGRESS CONTROL NUMBER
LC control number c 64001768
035 ## - SYSTEM CONTROL NUMBER
System control number (CStRLIN)DCLP05-B2168
040 ## - CATALOGING SOURCE
Original cataloging agency DLC
Transcribing agency DLC-R
Modifying agency DLC-R
-- DLC
043 ## - GEOGRAPHIC AREA CODE
Geographic area code a-cc---
050 00 - LIBRARY OF CONGRESS CALL NUMBER
Classification number S515
Item number .L8 1962
066 ## - CHARACTER SETS PRESENT
Alternate G0 or G1 character set $1
100 1# - MAIN ENTRY--PERSONAL NAME
Linkage 880-01
Personal name Lu, Mingshan,
Dates associated with a name active 13th century-14th century.
245 10 - TITLE STATEMENT
Linkage 880-02
Title Nong sang yi shi cuo yao /
Statement of responsibility, etc. Lu Mingshan zhu ; Wang Yuhu jiao zhu.
260 ## - PUBLICATION, DISTRIBUTION, ETC.
Linkage 880-03
Place of publication, distribution, etc. Beijing :
Name of publisher, distributor, etc. Nong ye chu ban she,
Date of publication, distribution, etc. 1962.
300 ## - PHYSICAL DESCRIPTION
Extent 143 p. ;
Dimensions 21 cm.
650 #0 - SUBJECT ADDED ENTRY--TOPICAL TERM
Topical term or geographic name entry element Agriculture
Form subdivision Early works to 1800.
650 #0 - SUBJECT ADDED ENTRY--TOPICAL TERM
Topical term or geographic name entry element Agriculture
Geographic subdivision China
Form subdivision Handbooks, manuals, etc.
700 1# - ADDED ENTRY--PERSONAL NAME
Linkage 880-04
Personal name Wang, Yuhu,
Dates associated with a name 1907-1980.
880 1# - ALTERNATE GRAPHIC REPRESENTATION
Linkage 100-01/$1
a 魯明善,
d active 13th century-14th century.
880 10 - ALTERNATE GRAPHIC REPRESENTATION
Linkage 245-02/$1
a 農桑衣食撮要 /
c 魯名善著 ; 王毓瑚校註.
880 ## - ALTERNATE GRAPHIC REPRESENTATION
Linkage 260-03/$1
a 北京 :
b 農業出版社,
c 1962.
880 1# - ALTERNATE GRAPHIC REPRESENTATION
Linkage 700-04/$1
a 王毓瑚,
d 1907-1980.

No items available.

Powered by Koha